LEADER 00470nab a2200133 i 4500 001 000000324741 003 CaOOAMICUS 005 20180831173449.0 008 180831n xx uu u0 0fre r 013 $a35645 040 $aSeMil$bita 245 10$aThèses doctorales 2012-2013 /$cFaculté de Philosophie [et] Faculté de Theologie et de Sciences Religieuses. 773 0 $t[vedi periodico].$gp.633-635$w()287771 996 $6245$aThèses doctorales 2012-2013$9(OLS)http://semarc/title/396117 LEADER 00481nab a2200145 i 4500 001 000000310373 003 CaOOAMICUS 005 20180831173012.0 008 180831n xx uu u0 0und r 013 $a19465 040 $aSeMil$bita 100 1 $aMagani, Francesco .$0(OLS)http://semarc/name/3545 245 10$aL?ignoranza del Clero Italiano. 773 0 $t[Luglio-Dicembre].$g43-64$w()273980 996 $6245$aL?ignoranza del Clero Italiano$9(OLS)http://semarc/title/385168